000 00701nam a22002177a 4500
005 20170124105928.0
010 _aA-353331
020 _c45.00
035 _aA-353331
037 _bCen Lib/Ret
040 _aDPL
_bEN
082 _a370.26
100 _aKumar, H.L.
_97608
245 _aThe delhi school education act,1973 with the delhi school educatin rules, 1973 and decided cases /
_cby H.L. Kumar
260 _aDelhi
_bUniversal Book Traders
_c00??
270 _bDelhi
_a80, gokhale market opp. new courts
_e110054
300 _avbiii, 168p.
_c23cm(Hb)
650 _aSchool education
_zDelhi
_97609
650 _aRules and acts
_97610
942 _2ddc
_cEN
_h370.26
_mKUM
999 _c123663
_d123663